|
|
|
|
| LEADER |
00000nam0a2200000 4500 |
| 001 |
100703 |
| 005 |
20231031112203.0 |
| 035 |
|
|
|a (RuTPU)RU\TPU\book\108368
|
| 035 |
|
|
|a RU\TPU\book\108366
|
| 090 |
|
|
|a 100703
|
| 100 |
|
|
|a 20060825d2000 m y0rusy50 ca
|
| 101 |
1 |
|
|a rus
|c eng
|
| 102 |
|
|
|a RU
|
| 105 |
|
|
|a y z 000zy
|
| 200 |
1 |
|
|a Руководство (справочник) по качеству
|f сост. Г. Е. Герасимова
|
| 210 |
|
|
|a Москва
|c Трек
|d 2000
|
| 215 |
|
|
|a 58 с.
|
| 225 |
1 |
|
|a Все о качестве. Зарубежный опыт
|v Вып. 16
|
| 610 |
1 |
|
|a зарубежный опыт
|
| 610 |
1 |
|
|a менеджмент
|
| 610 |
1 |
|
|a качество
|
| 610 |
1 |
|
|a руководство по качеству
|
| 610 |
1 |
|
|a примеры
|
| 610 |
1 |
|
|a требования
|
| 610 |
1 |
|
|a образцы
|
| 675 |
|
|
|a 658.62.018(08)
|v 3
|
| 702 |
|
1 |
|a Герасимова
|b Г. Е.
|4 220
|
| 801 |
|
1 |
|a RU
|b 63413507
|c 20040220
|g PSBO
|
| 801 |
|
2 |
|a RU
|b 63413507
|c 20140421
|g PSBO
|
| 942 |
|
|
|c BK
|